|
|
|
|
| LEADER |
01852nam a2200421 i 4500 |
| 001 |
EBC1753475 |
| 003 |
MiAaPQ |
| 005 |
20200520144314.0 |
| 006 |
m o d | |
| 007 |
cr cnu|||||||| |
| 008 |
140822t20142014enka o 000 0 eng d |
| 020 |
|
|
|z 9781443862165
|
| 020 |
|
|
|a 9781443864749
|q (electronic bk.)
|
| 035 |
|
|
|a (MiAaPQ)EBC1753475
|
| 035 |
|
|
|a (Au-PeEL)EBL1753475
|
| 035 |
|
|
|a (CaPaEBR)ebr10905897
|
| 035 |
|
|
|a (CaONFJC)MIL636387
|
| 035 |
|
|
|a (OCoLC)885123134
|
| 040 |
|
|
|a MiAaPQ
|b eng
|e rda
|e pn
|c MiAaPQ
|d MiAaPQ
|
| 043 |
|
|
|a e-uk-en
|
| 050 |
|
4 |
|a HF5381
|b .G86 2014
|
| 082 |
0 |
|
|a 158.6
|2 23
|
| 100 |
1 |
|
|a Gunter, Barrie,
|e author.
|
| 245 |
1 |
0 |
|a I want to change my life :
|b can reality tv competition shows trigger lasting career success? /
|c by Barrie Gunter.
|
| 264 |
|
1 |
|a Newcastle upon Tyne, England :
|b Cambridge Scholars Publishing,
|c 2014.
|
| 264 |
|
4 |
|c 2014
|
| 300 |
|
|
|a 1 online resource (265 pages) :
|b illustrations, tables
|
| 336 |
|
|
|a text
|2 rdacontent
|
| 337 |
|
|
|a computer
|2 rdamedia
|
| 338 |
|
|
|a online resource
|2 rdacarrier
|
| 588 |
|
|
|a Description based on online resource; title from PDF title page (ebrary, viewed August 26, 2014).
|
| 590 |
|
|
|a Electronic reproduction. Ann Arbor, MI : ProQuest, 2015. Available via World Wide Web. Access may be limited to ProQuest affiliated libraries.
|
| 650 |
|
0 |
|a Career development
|v Case studies.
|
| 650 |
|
0 |
|a Mass media and culture-england
|z England.
|
| 655 |
|
4 |
|a Electronic books.
|
| 776 |
0 |
8 |
|i Print version:
|a Gunter, Barrie.
|t I want to change my life : can reality tv competition shows trigger lasting career success?
|d Newcastle upon Tyne, England : Cambridge Scholars Publishing, c2014
|h 259 pages
|z 9781443862165
|
| 797 |
2 |
|
|a ProQuest (Firm)
|
| 856 |
4 |
0 |
|u https://ebookcentral.proquest.com/lib/matrademy/detail.action?docID=1753475
|z Click to View
|